| 000 | 00000nam 2200000za 4500 |
| 001 | 9.641285 |
| 003 | CaOODSP |
| 005 | 20250910142445 |
| 007 | cr ||||||||||| |
| 008 | 150407s2007 onca ob f000 0 fre d |
| 040 | |aCaOODSP|bfre |
| 043 | |an-cn--- |
| 086 | 1 |aD2-317/2007F-PDF |
| 100 | 1 |aLagacé-Roy, Daniel, |d1960- |
| 245 | 10|aManuel sur le mentorat |h[ressource électronique] / |cDaniel Lagacé-Roy, Janine Knackstedt. |
| 260 | |aOttawa - Ontario : |bDéfense nationale, |c[2007] |
| 300 | |a30 pages : |billustrations |
| 590 | |a13-03-Supp|b2013-02-11 |
| 691 | 07|aMentorat|2gcpds |
| 691 | 07|aFormation militaire|2gcpds |
| 710 | 1 |aCanada. |bMinistère de la défense nationale. |
| 775 | 08|tMentoring handbook |w(CaOODSP)9.697218 |
| 856 | 40|qPDF|s180 Ko|uhttps://publications.gc.ca/collections/collection_2013/dn-nd/D2-317-2007-fra.pdf |